000 00745nas a2200241 4500
001 BR9502300
003 BR-BrBNA
005 20231205093959.0
007 ta
008 230509b bl.|||p| |||| 00| 00por d
040 _aBR-BrBNA
_bpor
_cBiblioteca Nacional de Agricultura
041 _a(En)
072 _aE50
100 1 _aChernela, J.M.
100 1 _aThatcher, V.E.
245 1 _aThe efects of settlement on the prevalence of Ascaris infection in two amerindian populations of the Brazilian Amazon
650 _aHelminto
650 _aSaude Publica
650 _aAmazonas
773 0 _tActa Amazonica (Brazil)
_xISSN 0044-5967
_g1993, v. 23(1) p. 25-35
_wBR9502300
909 _a202311
_bLúcia
_c55
_dLúcia Elande
942 _2AGRIS
_n0
_cANA
999 _c141423
_d141423